[Event "Défi"]
[Site "www.echecsemail.com"]
[Date "2026.01.14"]
[Round "1"]
[White "Kerenor"]
[Black "Lecevenol"]
[WhiteElo "1590"]
[BlackElo "1240"]
[Result "1-0"]
1.e4 e5
2.Ng1f3 Qd8e7
3.Nb1c3 c6
4.Bf1c4 b5
5.Bc4b3 a5
6.a3 h6
7.d4 f6
8.d5 cxd5
9.Bb3xd5 Ra8a7
10.Bc1e3 Ra7a6
11.Nc3xb5 Qe7d8
12.Bd5c4 Ra6c6
13.Bc4d3 Ng8e7
14.Qd1e2 g5
15.h3 Bf8g7
16.Nb5c3 O-O
17.Bd3b5 Rc6e6
18.Bb5c4 d5
19.exd5 Re6d6
20.Be3c5 Rd6d7
21.Bc4b5 Rd7c7
22.Bc5b6 Nb8d7
23.Bb6xc7 Qd8xc7
24.Bb5c4 Kh8
25.Bc4d3 Qc7b7
26.Bd3e4 Qb7xb2
27.O-O Qb2xc3
28.Be4d3 Ne7xd5
29.Qe2e4 Kg8
30.Qe4xd5 Kh8
31.Bd3f5 Qc3c7
32.Rf1d1 Nd7b6
33.Qd5e4 Bc8xf5
34.Qe4xf5 Rf8f7
35.Rd1d3 Rf7f8
36.Nf3h2 Qc7xc2
37.Qf5f3 Qc2c7
38.Qf3e3 Rf8e8
39.Rd3c3 Qc7d7
40.Qe3xb6 Qd7d5
41.Nh2g4 Re8a8
42.Ng4xf6 Qd5d4
43.Ra1c1 Qd4f4
44.Nf6h5 Qf4f7
45.Nh5g3 e4
46.Rc3c7 Qf7f8
47.Ng3xe4 Ra8b8
48.Qb6a7 Kh7
49.Rc7xg7 Qf8xg7
50.Qa7xb8 Kg6
51.Qb8b6 Kh5
52.Ne4g3 Kh4
53.Rc1c4 g4
54.Rc4xg4 Qg7xg4
55.hxg4 { abandon }1-0

[Event "Memorial Lara CIII"]
[Site "www.echecsemail.com"]
[Date "2026.01.14"]
[Round "1"]
[White "Karkaskat"]
[Black "Connecticcut"]
[WhiteElo "2100"]
[BlackElo "1860"]
[Result "0-1"]
1.d4 d5
2.Bc1f4 Ng8f6
3.e3 Nb8c6
4.c3 a6
5.Nb1d2 Bc8f5
6.h3 e6
7.Ng1f3 Bf8d6
8.Nf3e5 O-O
9.g4 Bf5g6
10.Bf1e2 h6
11.h4 Nf6e4
12.f3 Ne4xd2
13.Qd1xd2 Nc6xe5
14.Bf4xe5 Bd6xe5
15.dxe5 b5
16.h5 Bg6h7
17.Be2d3 Bh7xd3
18.Qd2xd3 c5
19.f4 c4
20.Qd3c2 Qd8b6
21.Ke2 b4
22.cxb4 Qb6xb4
23.a3 Qb4b5
24.Kf2 a5
25.g5 hxg5
26.fxg5 a4
27.h6 g6
28.Qc2e2 Kh7
29.Qe2f3 Qb5xb2
30.Qf3e2 Qb2xe5
31.Rh1g1 f5
32.Ra1b1 Ra8b8
33.Rb1b4 Rb8xb4
34.axb4 a3
35.Qe2a2 Qe5b2
36.Qa2xb2 axb2
37.Rg1b1 c3
38.Ke2 c2
{ abandon }0-1

[Event "Défi"]
[Site "www.echecsemail.com"]
[Date "2026.01.14"]
[Round "1"]
[White "Castor"]
[Black "Skorpion59"]
[WhiteElo "1340"]
[BlackElo "1360"]
[Result "1-0"]
1.d4 d5
2.c4 dxc4
3.e4 e6
4.Ng1f3 Bf8b4
5.Nb1c3 Bb4xc3
6.bxc3 Ng8f6
7.e5 Nf6e4
8.Bc1b2 O-O
9.Bf1xc4 Bc8d7
10.O-O Ne4g5
11.Bb2c1 b5
12.Bc4e2 Ng5e4
13.Bc1b2 f6
14.Nf3h4 fxe5
15.Be2f3 Bd7c6
16.Bf3g4 Ne4xf2
17.Qd1e2 Qd8xh4
18.Bg4xe6 Kh8
19.Bb2a3 Nf2h3
20.Be6xh3 Rf8xf1
21.Ra1xf1 exd4
22.Ba3e7 Qh4h6
23.Rf1f8 1-0

[Event "Tournoi n27301"]
[Site "www.echecsemail.com"]
[Date "2026.01.14"]
[Round "1"]
[White "Kiki"]
[Black "Lepionfou"]
[WhiteElo "2390"]
[BlackElo "2340"]
[Result "1-0"]
1.e4 c5
2.Nb1c3 Nb8c6
3.Ng1f3 e5
4.Bf1b5 d6
5.d3 Bf8e7
6.Nc3d5 Ng8f6
7.c3 O-O
8.O-O a6
9.Bb5xc6 bxc6
10.Nd5xe7 Qd8xe7
11.Nf3e1 h6
12.Qd1a4 Bc8e6
13.f4 exf4
14.Bc1xf4 d5
15.e5 Nf6d7
16.Qa4xc6 Rf8c8
17.Qc6a4 Nd7b6
18.Qa4d1 a5
19.Ne1f3 a4
20.Qd1e1 a3
21.b3 c4
22.Qe1g3 Kh8
23.dxc4 dxc4
24.b4 Nb6d5
25.Nf3d4 Qe7a7
26.Ra1e1 Kh7
27.Bf4e3 Qa7d7
28.Be3c1 Rc8d8
29.Re1d1 { abandon }1-0

[Event "Tournoi n27040"]
[Site "www.echecsemail.com"]
[Date "2026.01.14"]
[Round "1"]
[White "Echephile"]
[Black "Zanatany"]
[WhiteElo "2379"]
[BlackElo "2200"]
[Result "0-1"]
1.e4 c5
2.Ng1f3 Nb8c6
3.Nb1c3 Ng8f6
4.d4 d5
5.exd5 Nf6xd5
6.Nc3xd5 Qd8xd5
7.Bc1e3 cxd4
8.Nf3xd4 a6
9.Bf1e2 Nc6xd4
10.Qd1xd4 Qd5xg2
11.O-O-O Bc8f5
12.Rh1g1 Qg2e4
13.Qd4c3 Ra8c8
14.Be2d3 Qe4a4
15.Be3b6 f6
16.Bd3xf5 Rc8xc3
17.Bf5d7 Qa4xd7
18.Rd1xd7 Kxd7
{ abandon }0-1

[Event "Défi( 10J+24H/c 10J Max )"]
[Site "www.echecsemail.com"]
[Date "2026.01.14"]
[Round "1"]
[White "Orosco"]
[Black "4x4"]
[WhiteElo "2200"]
[BlackElo "1480"]
[Result "1-0"]
1.e4 e5
2.Ng1f3 d6
3.d4 Bc8g4
4.d5 Qd8f6
5.Bf1e2 Nb8d7
6.Nb1c3 O-O-O
7.Bc1g5 Qf6g6
8.Bg5xd8 Kxd8
9.h3 Bg4xf3
10.Be2xf3 Ng8f6
11.Qd1e2 Nd7c5
12.Qe2b5 b6
13.Qb5c6 Nf6e8
14.Qc6a8 Ke7
15.Qa8xa7 Qg6h6
16.Nc3b5 Kf6
17.Nb5xc7 Ne8xc7
18.Qa7xc7 g5
19.Qc7xb6 Bf8e7
20.a4 Rh8g8
21.b4 Nc5d7
22.Qb6e3 Kg6
23.a5 f6
24.a6 Be7d8
25.Qe3a3 Nd7b6
26.Bf3e2 Bd8c7
27.O-O Rg8a8
28.b5 Qh6g7
29.Qa3f3 Kf7
30.c4 Nb6d7
31.Qf3h5 Qg7g6
32.Qh5xg6 hxg6
33.Be2g4 Nd7c5
34.Bg4e6 Nc5xe6
35.dxe6 Kxe6
36.Rf1b1 Bc7b6
37.Ra1a2 Ra8a7
38.Rb1d1 Bb6c5
39.Rd1d5 f5
40.exf5 gxf5
41.g3 e4
42.Kg2 Bc5b6
43.Ra2d2 Bb6c5
44.h4 gxh4
45.gxh4 Bc5b4
46.Rd2d1 Ra7c7
47.b6 Rc7c6
48.Rd5b5 Rc6xc4
49.b7 e3
50.fxe3 Rc4c2
51.Kf3 Rc2c4
52.b8Q Rc4xh4
53.Qb8g8 Kf6
54.a7 Bb4c5
55.Qg8d8 Kg6
56.Qd8xh4 Bc5xa7
57.Rd1xd6 Kf7
58.Rb5b7 Ke8
59.Qh4h8 1-0

[Event "Coupe Niveau 6"]
[Site "www.echecsemail.com"]
[Date "2026.01.14"]
[Round "1"]
[White "Zax"]
[Black "Senegaulois"]
[WhiteElo "2280"]
[BlackElo "1890"]
[Result "1-0"]
1.e4 c5
2.d4 cxd4
3.c3 d3
4.Bf1xd3 Nb8c6
5.c4 g6
6.Nb1c3 Bf8g7
7.Ng1f3 Ng8f6
8.O-O d6
9.h3 Bc8d7
10.Qd1e2 O-O
11.Bc1e3 a6
12.Ra1c1 Ra8c8
13.Rf1d1 Rf8e8
14.Bd3b1 Nf6h5
15.Nc3d5 Bd7e6
16.b3 Nc6e5
17.Nf3xe5 Bg7xe5
18.Be3h6 Be5g7
19.Bh6xg7 Kxg7
20.Qe2e3 Nh5f6
21.e5 Nf6xd5
22.cxd5 Be6d7
23.e6 fxe6
24.dxe6 Rc8xc1
25.Rd1xc1 Bd7c6
26.Rc1c4 Re8f8
27.Rc4h4 Rf8h8
28.Qe3h6 { abandon }1-0

[Event "Tournoi n27040"]
[Site "www.echecsemail.com"]
[Date "2026.01.14"]
[Round "1"]
[White "Lepionfou"]
[Black "Zanatany"]
[WhiteElo "2310"]
[BlackElo "2200"]
[Result "1-0"]
1.c4 Ng8f6
2.Ng1f3 c5
3.g3 d5
4.cxd5 Nf6xd5
5.Bf1g2 e6
6.O-O b6
7.d4 cxd4
8.Nf3xd4 Bf8c5
9.Nb1c3 Nd5xc3
10.bxc3 Bc8a6
11.Bg2xa8 O-O
12.Ba8g2 Qd8f6
13.Bc1b2 Qf6e5
14.Rf1e1 Qe5f6
15.e3 Rf8d8
16.Qd1f3 Qf6xf3
17.Bg2xf3 e5
18.Nd4b3 Bc5e7
19.Ra1d1 Rd8c8
20.Bf3d5 Rc8c7
21.c4 Nb8d7
22.h4 Be7b4
23.Re1e2 Kf8
24.Re2c2 e4
25.Bd5xe4 Ba6b7
26.Be4xb7 Rc7xb7
27.Bb2d4 Rb7c7
28.Kf1 g6
29.Ke2 f5
30.a4 Ke8
31.a5 bxa5
32.Rd1a1 Nd7b6
33.Nb3xa5 Kd7
34.Kd3 Ke6
35.Na5b3 Nb6c8
36.Ra1a4 Bb4e1
37.Ke2 Nc8d6
38.Kxe1 h5
39.Ra4xa7 { abandon }1-0

[Event "Tournoi n27389"]
[Site "www.echecsemail.com"]
[Date "2026.01.14"]
[Round "1"]
[White "Tiounet"]
[Black "Vvvv"]
[WhiteElo "1610"]
[BlackElo "1710"]
[Result "0-1"]
1.a3 e5
2.b4 d5
3.Bc1b2 Bf8d6
4.Ng1f3 f6
5.g3 Ng8e7
6.Bf1g2 O-O
7.O-O Nb8d7
8.d3 Nd7b6
9.Nb1d2 Nb6a4
10.Bb2c1 Na4c3
11.Qd1e1 e4
12.dxe4 dxe4
13.Nf3d4 f5
14.Bc1b2 Nc3a4
15.Ra1b1 Bd6e5
16.Bb2a1 Be5xd4
17.Ba1xd4 Qd8xd4
18.Nd2b3 Qd4b6
19.e3 Ne7d5
20.Nb3d4 Na4c3
21.Rb1c1 c5
22.bxc5 Qb6xc5
23.Rc1a1 Nc3a4
24.Qe1b1 Kh8
25.Qb1b3 Na4c3
26.Bg2h3 a6
27.Bh3xf5 Bc8xf5
28.Qb3xb7 Bf5h3
29.Qb7b3 Nd5xe3
30.Nd4e6 Nc3e2
{ abandon }0-1

[Event "Tournoi n27368"]
[Site "www.echecsemail.com"]
[Date "2026.01.14"]
[Round "1"]
[White "Albescab"]
[Black "Mokanne"]
[WhiteElo "1630"]
[BlackElo "1460"]
[Result "1/2-1/2"]
1.d4 e6
2.e4 h6
3.e5 a6
4.Bf1d3 b5
5.Ng1f3 Bc8b7
6.Nb1c3 Bf8b4
7.Bc1d2 Bb4e7
8.O-O Be7g5
9.Nc3e4 c6
10.Bd2b4 Bg5e7
11.Bb4xe7 Ng8xe7
12.Ne4c5 Qd8c7
13.c3 Ra8a7
14.a4 d6
15.exd6 Qc7xd6
16.Nf3e5 f6
17.Bd3g6 Ne7xg6
18.Ne5xg6 Rh8h7
19.Rf1e1 Bb7c8
20.b4 h5
21.Ng6f4 Qd6xf4
22.Nc5xe6 Bc8xe6
23.Re1xe6 Ra7e7
24.Qd1b3 g6
25.g3 Qf4f5
26.Ra1e1 Kd7
27.Re6e3 Re7xe3
28.fxe3 Ke8
29.Qb3g8 Kd7
30.Qg8xh7 Kc8
31.Re1f1 Qf5g5
32.Qh7h8 Kb7
33.axb5 Qg5xe3
34.Kg2 Qe3e2
35.Rf1f2 Qe2e4
36.Rf2f3 Qe4e2
37.Rf3f2 Qe2e4
38.Kh3 Qe4e6
39.Kg2 Qe6e4
40.Rf2f3 Qe4c2
41.Rf3f2 Qc2e4
42.Kg1 Qe4e1
43.Rf2f1 Qe1e3
44.Kg2 Qe3e4
45.Rf1f3 Qe4e2
1/2-1/2

[Event "Défi"]
[Site "www.echecsemail.com"]
[Date "2026.01.14"]
[Round "1"]
[White "Emmanuel"]
[Black "U27940"]
[WhiteElo "1940"]
[BlackElo "2090"]
[Result "1-0"]
1.b3 d5
2.Bc1b2 Bc8f5
3.e3 e6
4.f4 Bf8e7
5.Bb2xg7 Be7f6
6.Bg7xh8 Bf6xa1
7.Bh8xa1 Nb8d7
8.Ng1f3 Qd8e7
9.Bf1b5 c6
10.Bb5e2 O-O-O
11.O-O Ng8f6
12.d3 Nf6g4
13.Qd1d2 Qe7c5
14.Nf3d4 Ng4h6
15.b4 Qc5e7
16.b5 c5
17.Nd4f3 Rd8g8
18.Nf3g5 f6
19.Ng5f3 Bf5h3
20.Nf3h4 f5
21.Qd2e1 Nh6g4
22.Rf1f3 Ng4xh2
23.Rf3xh3 Nh2g4
24.Be2xg4 Rg8xg4
25.Nh4f3 Qe7f7
26.Nb1d2 Qf7g6
27.Nf3h4 Qg6g8
28.Nd2f3 h6
29.Nf3e5 Nd7f8
30.Ne5xg4 { abandon }1-0

[Event "Défi"]
[Site "www.echecsemail.com"]
[Date "2026.01.15"]
[Round "1"]
[White "Claudius94"]
[Black "Aigle12"]
[WhiteElo "1869"]
[BlackElo "1460"]
[Result "1-0"]
1.e4 e6
2.d4 d6
3.Ng1f3 Nb8c6
4.c3 Ng8f6
5.Nb1d2 b6
6.a3 Bc8b7
7.Bf1d3 g6
8.O-O Bf8g7
9.Bd3c2 Qd8e7
10.Rf1e1 O-O-O
11.Bc2d3 Kb8
12.b4 h5
13.g3 d5
14.e5 Nf6d7
15.Nd2b3 Rd8f8
16.a4 Bg7h6
17.Bc1xh6 Rh8xh6
18.b5 Nc6d8
19.Qd1d2 Rh6h8
20.Bd3e2 f6
21.Be2d3 g5
22.Kg2 g4
23.Nf3h4 fxe5
24.Nh4g6 Qe7f6
25.Ng6xh8 Rf8xh8
26.dxe5 Qf6f3
27.Kf1 Qf3f8
28.Nb3d4 Nd8f7
29.Nd4xe6 Qf8e7
30.Ne6d4 Nd7xe5
31.Re1e2 h4
32.Bd3c2 hxg3
33.fxg3 Nf7g5
34.Ra1e1  { temps }1-0

[Event "Coupe Niveau 3"]
[Site "www.echecsemail.com"]
[Date "2026.01.15"]
[Round "1"]
[White "Elghribi"]
[Black "Woluwe1975"]
[WhiteElo "1920"]
[BlackElo "1640"]
[Result "1-0"]
1.e4 c5
2.Ng1f3 a6
3.d4 cxd4
4.Nf3xd4 d5
5.e5 e6
6.Bf1d3 b5
7.O-O Bc8b7
8.Bc1e3 Nb8c6
9.c3 Nc6xe5
10.Bd3c2 Ne5c6
11.Nb1d2 Nc6xd4
12.Be3xd4 Ng8f6
13.f4 Bf8e7
14.g4 O-O
15.h3 Nf6e4
16.Nd2f3 Be7c5
17.Bc2xe4 dxe4
18.Bd4xc5 Qd8xd1
19.Ra1xd1 Rf8d8
20.Nf3d4 Bb7d5
21.b3 Bd5b7
22.Kf2 Ra8c8
23.b4 Bb7d5
24.Ke3 Bd5c4
25.Rf1f2 f5
26.Rf2d2 g6
27.g5 Kf7
28.Nd4c6 Rd8xd2
29.Nc6e5 Kg8
30.Rd1xd2 Bc4d5
31.h4 Kg7
32.a3 h6
33.Ne5d7 h5
34.Nd7b6 Rc8d8
35.Nb6xd5 exd5
36.Kd4 Kf7
37.Ke5 Rd8e8
38.Kd6 e3
39.Rd2e2 Re8e4
40.Bc5xe3 Re4c4
41.Be3d4 Rc4c8
42.Kxd5 Rc8d8
43.Kc6 { abandon }1-0

[Event "Défi"]
[Site "www.echecsemail.com"]
[Date "2026.01.15"]
[Round "1"]
[White "Aigle12"]
[Black "Bouffon"]
[WhiteElo "1460"]
[BlackElo "1660"]
[Result "0-1"]
1.e3 e5
2.d3 d5
3.Ng1f3 Bf8d6
4.Nb1c3 Ng8f6
5.g3 Nb8c6
6.Bf1g2 Bc8e6
7.b3 a6
8.Bc1b2 O-O
9.Qd1e2 Rf8e8
10.O-O Qd8c8
11.Rf1d1 b5
12.a4 b4
13.Nc3b1 a5
14.Nb1d2 Nc6b8
15.Nf3g5 Be6g4
16.f3 Bg4d7
17.f4 exf4
18.Nd2f1 fxg3
19.hxg3 Bd6e5
20.Bb2xe5 Re8xe5
21.Ng5f3 Re5e8
22.Ra1c1 c6
23.d4 Nf6e4
24.Qe2d3 Bd7f5
25.Rd1e1 Ne4xg3
26.Qd3d2 Bf5h3
27.Nf1xg3 Bh3g4
28.Nf3h2 Bg4e6
29.Re1f1 Nb8d7
30.Qd2f2 Nd7f6
31.c3 Ra8b8
32.cxb4 Rb8xb4
33.Rc1b1 Qc8b8
 { temps }0-1

[Event "Défi( 10J+24H/c 10J Max )"]
[Site "www.echecsemail.com"]
[Date "2026.01.15"]
[Round "1"]
[White "Moris54"]
[Black "Pascalou50"]
[WhiteElo "1850"]
[BlackElo "1800"]
[Result "0-1"]
1.d4 d5
2.Ng1f3 Ng8f6
3.e3 Nf6e4
4.c4 e6
5.a3 Bf8e7
6.Bf1e2 O-O
7.O-O c5
8.Nb1d2 Ne4xd2
9.Bc1xd2 Nb8c6
10.Bd2c3 b6
11.Ra1b1 Bc8d7
12.cxd5 exd5
13.dxc5 Bd7f5
14.Rb1c1 bxc5
15.h3 c4
16.Nf3e5 Nc6xe5
17.Bc3xe5 Qd8d7
18.g4 Bf5g6
19.Be5d4 f5
20.f4 fxg4
21.Be2xg4 Bg6f5
22.Bg4xf5 Qd7xf5
23.Qd1g4 g6
24.Qg4g3 Be7f6
25.Bd4xf6 Qf5xf6
26.Rf1f2 Ra8b8
27.Rc1c2 Rb8b3
28.Qg3f3 d4
29.Qf3d5 Kg7
30.Qd5xd4 Qf6xd4
31.exd4 Rb3xh3
32.Kg2 Rh3e3
33.Rc2xc4 Rf8f7
34.d5 Rf7d7
35.Rf2d2 Kf6
36.Rc4c3 Re3e1
37.Kf2 Re1h1
38.Kg2 Rh1h5
39.Rc3c6 Ke7
40.Rc6e6 Kf7
41.Re6e5 Rh5f5
42.Kg3 Kf6
43.Re5e6 Kf7
44.Re6e5 Kf6
45.Re5xf5 Kxf5
46.Kf3 a6
47.b4 h5
48.d6 Ke6
49.Ke4 Rd7xd6
50.Rd2c2 Kf6
51.Rc2c5 Rd6e6
 { temps }0-1

[Event "Défi( 10J+24H/c 10J Max )"]
[Site "www.echecsemail.com"]
[Date "2026.01.15"]
[Round "1"]
[White "Minon"]
[Black "Poison"]
[WhiteElo "1940"]
[BlackElo "1110"]
[Result "1-0"]
1.d4 d5
2.Ng1f3 Nb8c6
3.Nb1c3 Ng8f6
4.e3 Bc8g4
5.Bf1e2 Bg4xf3
6.Be2xf3 e6
7.O-O Bf8b4
8.Bc1d2 Bb4xc3
9.Bd2xc3 O-O
10.Bf3e2 Nf6e4
11.Qd1d3 Ne4xc3
12.Qd3xc3 Qd8d7
13.Be2b5 a6
14.Bb5xc6 Qd7xc6
15.Qc3xc6 bxc6
16.b4 Ra8b8
17.a3 f6
18.f4 e5
19.fxe5 f5
20.h3 Rb8b5
21.c3 a5
22.a4 Rb5b6
23.Rf1b1 axb4
24.Rb1xb4 Rb6a6
25.Rb4b7 Rf8c8
26.Kf2 h6
27.Kf3 Kf7
28.g4 Kg6
29.gxf5 Kxf5
30.Ra1g1 Ra6xa4
31.Rg1xg7 Ra4c4
32.Rb7xc7 Rc4xc3
33.Rc7xc8 Ke6
34.Rg7g6 Kf5
35.Rg6xc6 Rc3d3
36.Rc6f6 Kg5
37.Rc8g8 Kh4
38.Rg8g4 Kxh3
39.Rf6xh6 1-0

[Event "Défi"]
[Site "www.echecsemail.com"]
[Date "2026.01.15"]
[Round "1"]
[White "Steflam"]
[Black "Claudius94"]
[WhiteElo "1150"]
[BlackElo "1889"]
[Result "0-1"]
1.e4 e5
2.Bf1c4 Ng8f6
3.d3 Bf8e7
4.Bc1g5 d6
5.Nb1c3 c6
6.a3 O-O
7.b4 b5
8.Ng1f3 bxc4
9.O-O cxd3
10.cxd3 Nb8d7
11.Nc3e2 a6
12.Ne2g3 Nf6e8
13.Qd1d2 Ne8f6
14.Nf3h4 Nf6e8
15.Ng3f5 Be7xg5
 { temps }0-1

[Event "TRISTAN DA CUNHA"]
[Site "www.echecsemail.com"]
[Date "2026.01.15"]
[Round "1"]
[White "Rachess"]
[Black "Intrigue"]
[WhiteElo "1550"]
[BlackElo "1750"]
[Result "0-1"]
1.e4 e5
2.Ng1f3 Nb8c6
3.Nb1c3 Ng8f6
4.Bf1c4 Bf8e7
5.d3 O-O
6.h3 d6
7.Bc1e3 a6
8.a3 b5
9.Bc4a2 b4
10.Nc3d5 Nf6xd5
11.Ba2xd5 Bc8b7
12.axb4 Qd8d7
13.c4 Rf8b8
14.Nf3g5 Be7xg5
15.Be3xg5 h6
16.Bg5e3 Nc6e7
17.Bd5xb7 Rb8xb7
18.b5 a5
19.b4 Qd7d8
20.bxa5 c5
21.a6 Rb7b6
22.Be3d2 Qd8d7
23.O-O f5
24.Bd2a5 Rb6b8
25.f4 fxe4
26.dxe4 exf4
 { temps }0-1

[Event "Tournoi n27384"]
[Site "www.echecsemail.com"]
[Date "2026.01.15"]
[Round "1"]
[White "Mokanne"]
[Black "Tiounet"]
[WhiteElo "1430"]
[BlackElo "1650"]
[Result "0-1"]
1.e4 a6
2.Bf1c4 e6
3.Ng1f3 b5
4.Bc4d3 Bc8b7
5.O-O Ng8f6
6.Qd1e1 g6
7.b3 Bf8g7
8.Bc1b2 O-O
9.Qe1e2 c5
10.c3 Nb8c6
11.Bd3c2 Rf8e8
12.d4 cxd4
13.cxd4 d6
14.Bb2c3 Qd8b6
15.Rf1d1 Ra8c8
16.b4 Nc6e7
17.Rd1d3 Nf6xe4
18.Rd3e3 Ne4xc3
19.Nb1xc3 Ne7f5
20.Bc2xf5 exf5
21.Ra1e1 Re8f8
22.Qe2d2 Bb7xf3
23.Re3xf3 Bg7xd4
24.Nc3e2 Bd4e5
25.Ne2c3 Rc8c4
26.Re1d1 Rc4xc3
27.Rf3xc3 Be5xc3
28.Qd2xc3 Rf8d8
29.Qc3f3 Qb6c7
30.Qf3d3 Qc7c4
31.a3 Qc4xd3
32.Rd1xd3 Kf8
33.f4 Ke7
34.Kf2 Kd7
35.h4 Ke6
36.Kf3 d5
37.g3 Kd6
38.Ke3 Rd8e8
39.Kf2 Re8e4
40.Kf1 d4
41.Rd3d2 Kd5
42.Rd2d3 Re4e3
43.Rd3d2 Re3xg3
44.Rd2e2 Rg3e3
45.Re2d2 Re3xa3
46.Rd2b2 Ra3g3
{ abandon }0-1

[Event "Défi"]
[Site "www.echecsemail.com"]
[Date "2026.01.15"]
[Round "1"]
[White "Khamis"]
[Black "Fredbauduret"]
[WhiteElo "1830"]
[BlackElo "1970"]
[Result "1-0"]
1.d4 Ng8f6
2.c4 g6
3.Nb1c3 d5
4.cxd5 Nf6xd5
5.e4 Nd5f6
6.h3 Bf8g7
7.Ng1f3 O-O
8.Bf1e2 h6
9.O-O Nb8d7
10.Bc1f4 c5
11.e5 Nf6h7
12.dxc5 Nd7xc5
13.b4 Nc5e6
14.Bf4g3 Qd8b6
15.Nc3d5 Qb6d8
16.Qd1b3 Ne6c7
17.Ra1d1 Nc7xd5
18.Qb3xd5 Qd8xd5
19.Rd1xd5 Bc8e6
20.Rd5d2 Rf8d8
21.a3 Rd8xd2
22.Nf3xd2 Be6d5
23.f3 Ra8d8
24.Rf1d1 Nh7f8
25.Nd2e4 Nf8e6
26.Ne4c3 Bd5c6
27.Rd1xd8 Ne6xd8
28.b5 Bc6d7
29.a4 f6
30.Nc3d5 fxe5
31.Nd5xe7 Kf7
32.Ne7d5 a6
33.Nd5b6 Bd7e8
34.bxa6 bxa6
35.Be2xa6 Nd8e6
36.Ba6c4 e4
37.a5 exf3
38.gxf3 Bg7d4
39.Bg3f2 Ke7
40.Nb6d5 Kd6
41.a6 Bd4xf2
42.Kxf2 Be8c6
43.a7 Ne6c7
44.Nd5xc7 Kxc7
45.Bc4d3 g5
46.Bd3e4 Bc6xe4
47.fxe4 Kb7
48.e5 { abandon }1-0

[Event "Tournoi n27221"]
[Site "www.echecsemail.com"]
[Date "2026.01.15"]
[Round "1"]
[White "Desaintfegor"]
[Black "Kiki24"]
[WhiteElo "1800"]
[BlackElo "1870"]
[Result "0-1"]
1.d4 Ng8f6
2.c4 e6
3.Nb1c3 b6
4.Ng1f3 Bc8b7
5.e3 Bf8e7
6.Bf1e2 O-O
7.O-O d5
8.Qd1c2 Nb8d7
9.b3 c5
10.Rf1d1 cxd4
11.Nf3xd4 Rf8e8
12.Bc1b2 Nd7c5
13.Be2f3 Ra8b8
14.Qc2e2 Qd8c8
15.g3 dxc4
16.bxc4 Re8d8
17.Qe2f1 Bb7xf3
18.Nd4xf3 Nf6e4
19.Rd1xd8 Qc8xd8
20.Nf3d4 Qd8c7
21.Nc3xe4 Nc5xe4
22.Nd4f3 Rb8d8
23.Ra1d1 Rd8xd1
24.Qf1xd1 Qc7xc4
25.Qd1c1 Qc4xc1
26.Bb2xc1 f6
27.Nf3d4 e5
28.Nd4c6 Be7c5
29.Nc6xa7 Kf7
30.Na7b5 Ke7
31.Bc1a3 Bc5xa3
32.Nb5xa3 Ne4c3
33.Na3c4 b5
34.Nc4a3 b4
35.Na3c2 Nc3xa2
36.Nc2a1 Na2c1
37.Na1c2 b3
38.Nc2a3 b2
39.Kf1 Nc1a2
40.Na3b1 Kd6
41.Ke1 Kd5
42.f3 Kc4
43.Kd2 Na2b4
44.Nb1c3 f5
45.Nc3b1 g5
46.h3 h5
47.g4 hxg4
48.fxg4 f4
49.exf4 exf4
50.h4 gxh4
51.g5 Nb4d5
52.Kc2 h3
53.Nb1d2 Kd4
54.Nd2f1 Nd5e3
55.Nf1xe3 Kxe3
56.g6 h2
57.g7 b1Q
58.Kxb1 h1Q
59.Kc2 Qh1g2
{ abandon }0-1

[Event "Défi"]
[Site "www.echecsemail.com"]
[Date "2026.01.15"]
[Round "1"]
[White "Mano"]
[Black "Tiounet"]
[WhiteElo "1670"]
[BlackElo "1620"]
[Result "1-0"]
1.e4 a6
2.Nb1c3 b5
3.b4 e6
4.a3 Bc8b7
5.d3 g6
6.Ng1f3 Bf8g7
7.d4 Ng8f6
8.Bc1g5 Qd8c8
9.Bg5xf6 Bg7xf6
10.e5 Bf6g7
11.Qd1d2 O-O
12.Bf1d3 d6
13.Qd2f4 dxe5
14.dxe5 Nb8d7
15.Bd3e2 c5
16.Qf4e3 c4
17.O-O Qc8c7
18.Rf1d1 Rf8d8
19.a4 Nd7xe5
20.Rd1xd8 Ra8xd8
21.axb5 axb5
22.Nc3xb5 Qc7c6
23.Nf3d4 Qc6d7
24.Ra1d1 Qd7c8
25.c3 Ne5g4
26.Be2xg4 Qc8a8
27.Bg4f3 Bb7xf3
28.Qe3xf3 Qa8a2
29.g3 Qa2b2
30.Kg2 Rd8b8
31.Qf3c6 e5
32.Qc6c7 Rb8e8
33.Nb5d6 Re8f8
34.Qc7xc4 exd4
35.cxd4 Rf8d8
36.Qc4xf7 Kh8
37.Nd6e8 Bg7xd4
38.Qf7f8 1-0

[Event "Coupe Niveau 5"]
[Site "www.echecsemail.com"]
[Date "2026.01.15"]
[Round "1"]
[White "Carrighir"]
[Black "Alain64"]
[WhiteElo "2120"]
[BlackElo "2060"]
[Result "1-0"]
1.e4 c5
2.Ng1f3 Nb8c6
3.d4 cxd4
4.Nf3xd4 d6
5.Bf1e2 Ng8f6
6.Nb1c3 g6
7.Bc1e3 Bf8g7
8.f3 O-O
9.Qd1d2 a6
10.O-O-O Nc6xd4
11.Be3xd4 b5
12.Nc3d5 Nf6xd5
13.Bd4xg7 Kxg7
14.Qd2xd5 Ra8b8
15.h4 Bc8e6
16.Qd5d4 Kg8
17.h5 Qd8b6
18.Qd4d2 Qb6c5
19.Qd2h6 Rf8c8
20.Be2d3 g5
21.e5 Qc5xe5
22.Bd3xh7 Kh8
23.Bh7f5 Kg8
24.Qh6xg5 Kf8
25.Qg5h6 Ke8
26.Bf5xe6 Qe5xe6
27.Qh6xe6 fxe6
28.h6 Kf7
29.g4 e5
30.Rd1g1 Kg6
31.g5 Rc8f8
32.h7 Rf8h8
33.Rh1h6 Kg7
34.Rg1h1 Rb8f8
35.Rh6h3 Rf8f5
36.g6 Rf5g5
37.Kd2 Rg5xg6
38.Kd3 d5
39.Rh3h5 Rg6g3
40.Rh5xe5 Rg3xf3
41.Kd4 Kf6
42.Rh1h6 Kf7
43.Re5xd5 Kg7
44.Rh6xa6 Rh8xh7
45.Rd5xb5 Rh7h4
46.Kc5 Rf3f2
47.c3 Rh4h5
48.Kb6 Rh5xb5
49.Kxb5 Rf2xb2
50.Kc4 e5
51.Kd5 Rb2c2
52.c4 e4
53.Ra6e6 Rc2xa2
54.Re6xe4 Kf7
55.c5 Ra2d2
56.Kc6 Rd2c2
57.Kd6 Rc2d2
58.Kc7 Rd2d3
59.c6 Rd3d5
60.Kc8 Rd5d3
61.c7 Rd3b3
62.Kd7 Rb3d3
63.Kc6 Rd3c3
64.Kd6 Kf8
65.Re4e5 { abandon }1-0

[Event "Tournoi n27330"]
[Site "www.echecsemail.com"]
[Date "2026.01.15"]
[Round "1"]
[White "Lancien57"]
[Black "Legrillon"]
[WhiteElo "1480"]
[BlackElo "1700"]
[Result "0-1"]
1.e4 e5
2.Ng1f3 Nb8c6
3.Nb1c3 Ng8f6
4.d4 exd4
5.Nf3xd4 Nc6xd4
6.Qd1xd4 d6
7.Bf1e2 Bf8e7
8.Be2f3 O-O
9.Bc1g5 Nf6d7
10.Bg5xe7 Qd8xe7
11.O-O c5
12.Qd4d1 Nd7e5
13.Rf1e1 Qe7g5
14.h3 Bc8xh3
15.g3 Bh3g4
16.Re1e3 Ra8d8
17.Kg2 Bg4xf3
18.Re3xf3 Ne5xf3
19.Qd1xf3 Qg5d2
20.Ra1d1 Qd2xc2
21.Qf3d3 Qc2xb2
22.Rd1b1 Qb2a3
23.f3 h6
24.Qd3c2 Qa3a6
25.g4 b5
26.Nc3xb5 Rd8d7
27.Qc2b3 Rf8b8
28.a4 Rd7b7
29.Qb3c4 Qa6b6
30.Qc4b3 a6
31.Qb3a3 axb5
32.axb5 Rb7a7
33.Qa3b3 Ra7a5
34.Kg3 Ra5xb5
35.Qb3xb5 Qb6xb5
36.Rb1xb5 Rb8xb5
37.f4 Rb5b3
38.Kg2 c4
39.e5 dxe5
40.fxe5 c3
41.Kf2 c2
42.e6 fxe6
{ abandon }0-1

[Event "Défi"]
[Site "www.echecsemail.com"]
[Date "2026.01.15"]
[Round "1"]
[White "Payne42"]
[Black "Intrigue"]
[WhiteElo "1760"]
[BlackElo "1750"]
[Result "0-1"]
1.f4 e5
2.fxe5 d6
3.Ng1f3 Bc8g4
4.e4 Bg4xf3
5.Qd1xf3 dxe5
6.Nb1c3 Ng8f6
7.Bf1b5 c6
8.Bb5c4 Bf8e7
9.O-O O-O
10.d3 Nb8d7
11.Nc3e2 Be7d6
12.Ne2g3 a6
13.Ng3f5 Bd6c5
14.Kh1 b5
15.Bc4b3 g6
16.a3 gxf5
17.Qf3xf5 Kh8
18.Rf1f3 Qd8e7
19.Rf3h3 Rf8g8
20.Bc1g5 Qe7d6
21.Bg5xf6 Nd7xf6
22.Rh3h6 Rg8g6
23.Rh6xg6 fxg6
24.Qf5g5 Ra8f8
25.Ra1f1 Qd6e7
26.Qg5h6 Nf6g4
27.Rf1xf8 Qe7xf8
28.Qh6xf8 Bc5xf8
29.h3 Ng4e3
30.g4 g5
31.Kg1 a5
32.a4 Bf8c5
33.Kh2 b4
34.Kg3 Ne3d1
35.h4 gxh4
36.Kxh4 Nd1xb2
37.Kg5 Nb2d1
38.Kf6 Bc5d4
39.Ke6 Nd1e3
40.g5 Kg7
41.Kd6 c5
42.Kc6 Kg6
43.Kb5 Kxg5
44.Kxa5 h5
45.Kb5 h4
46.Bb3e6 Ne3xc2
47.a5 Kf6
48.Be6f5 b3
49.a6 c4
50.Kc6 b2
{ abandon }0-1

[Event "Tournoi n27353"]
[Site "www.echecsemail.com"]
[Date "2026.01.15"]
[Round "1"]
[White "Lancien57"]
[Black "Mokanne"]
[WhiteElo "1460"]
[BlackElo "1450"]
[Result "1/2-1/2"]
1.e4 g6
2.d4 d6
3.Bf1e2 e6
4.Bc1d2 a6
5.Ng1f3 b5
6.a3 c6
7.Nb1c3 Bc8b7
8.b4 Bf8g7
9.Bd2e3 Ng8e7
10.O-O e5
11.dxe5 Bg7xe5
12.Be3d2 O-O
13.Nf3xe5 dxe5
14.Be2f3 Nb8d7
15.Rf1e1 h6
16.Bd2xh6 Rf8e8
17.Bh6g5 Nd7f8
18.Qd1xd8 Ra8xd8
19.h3 Nf8h7
20.Bg5xe7 Re8xe7
21.a4 g5
22.axb5 cxb5
23.Ra1d1 Re7d7
24.Rd1xd7 Rd8xd7
25.Bf3g4 Rd7c7
26.Re1e3 f6
27.Bg4f5 Nh7f8
28.f3 Kg7
29.g3 Rc7c4
30.h4 gxh4
31.gxh4 Rc4xb4
32.Kg2 a5
33.h5 Kh6
34.Bf5g4 a4
35.Nc3a2 Rb4c4
36.c3 Rc4c7
37.Kg3 Nf8d7
38.Re3d3 Bb7c8
39.f4 exf4
40.Kxf4 Nd7e5
41.Rd3d6 Bc8xg4
42.Rd6xf6 Kg7
43.Kxe5 Bg4xh5
44.Rf6b6 Rc7e7
45.Kd4 Bh5e8
46.e5 Re7d7
47.Ke4 Rd7e7
48.Rb6a6 Be8g6
49.Kd5 Bg6f7
50.e6 Bf7e8
51.Kd6 Kf6
52.Kd5 Be8h5
53.Na2b4 Bh5f3
54.Kc5 Re7xe6
55.Ra6a5 Re6e5
56.Kb6 Re5e6
57.Kxb5 Re6e5
58.Kxa4 Bf3d1
59.Nb4c2 Bd1xc2
60.Kb4 Re5xa5
61.Kxa5 Ke6
62.Kb5 Kd7
63.c4 Bc2e4
64.Kb6 Kc8
65.c5 Kd7
66.Kb5 Kc7
67.Kc4 Kc6
68.Kd4 Be4d5
69.Ke5 Bd5f3
70.Kf4 Bf3g2
71.Kg3 Bg2d5
72.Kf4 Kxc5
1/2-1/2

[Event "Tetraktus 103"]
[Site "www.echecsemail.com"]
[Date "2026.01.15"]
[Round "1"]
[White "Alain64"]
[Black "Bertelsen"]
[WhiteElo "2080"]
[BlackElo "1730"]
[Result "1-0"]
1.f4 c5
2.Ng1f3 Nb8c6
3.e3 e6
4.b3 Ng8f6
5.Bc1b2 d5
6.Bf1b5 Bc8d7
7.O-O a6
8.Bb5xc6 Bd7xc6
9.Nf3e5 Bf8e7
10.Ne5xc6 bxc6
11.Qd1e2 Qd8b6
12.Kh1 O-O
13.d3 Ra8d8
14.Nb1d2 h6
15.a4 Kh7
16.e4 d4
17.Nd2c4 Qb6c7
18.f5 e5
19.g4 Nf6g8
20.Qe2f2 Be7g5
21.h4 Bg5e7
22.Bb2c1 f6
23.Qf2h2 Qc7d7
24.Rf1g1 Qd7e8
25.Bc1d2 Rd8a8
26.Ra1f1 Be7d8
27.Qh2e2 Bd8c7
28.Rg1g2 Ra8a7
29.Rg2h2 a5
30.Qe2e1 Qe8d8
31.g5 Rf8e8
32.Rf1g1 Re8e7
33.gxh6 Ng8xh6
34.Rg1g6 Nh6xf5
35.exf5 Qd8d5
36.Qe1e4 Qd5d7
37.h5 Qd7d5
38.h6 Qd5xe4
39.dxe4 { abandon }1-0